| 000 | 00633nam a2200217Ii 4500 | ||
|---|---|---|---|
| 001 | 4834 | ||
| 003 | CO-ViMGA | ||
| 008 | 241108s9999||||xx |||||||||||||| ||und|| | ||
| 020 | _a923004398 | ||
| 040 |
_aCO-ViMGA _bspa _erda _cCO-ViMGA |
||
| 041 | 0 | _aspa | |
| 082 | 0 | 4 | _a641.1 L183 |
| 100 | 1 |
_aMichael C Latham _950544 |
|
| 245 | 1 | 0 | _aPlanificación y evaluación de los programas de nutrición aplicada |
| 264 | 1 | _aRoma, Italia : FAO, 1972 | |
| 300 | _avolumen | ||
| 336 |
_atext _btxt _2rdacontent |
||
| 337 |
_aunmediated _bn _2rdamedia |
||
| 338 |
_avolume _bnc _2rdacarrier |
||
| 940 | _aidficha_siabuc: 4708. -- ficha_no_siabuc:4834 | ||
| 999 |
_c45229 _d45229 |
||